| 000 | 01281nam a22003737a 4500 | ||
|---|---|---|---|
| 003 | CHAP | ||
| 005 | 20220329141633.0 | ||
| 008 | 971013s1974 r 00010 d | ||
| 010 | _a71422 | ||
| 011 | _a72394 | ||
| 035 | _a81949 | ||
| 040 | _cCHAP | ||
| 090 | _aTesis | ||
| 100 | 0 | 0 |
_aCamino Aguilera, José Miguel. _917850 |
| 245 | _aEstriado foliar bacteriano del maíz (Zea mays L.) | ||
| 260 |
_aChapingo, Méx. : _bEl autor, _c1974 |
||
| 300 |
_a63 h. _b: ilus. ; gráfs. |
||
| 500 | _ac.4 en bodega | ||
| 502 | _aTesis (M. C. Esp. en Fitopatología) -- ENA. Colegio de Postgraduados. Rama de Fitopatología | ||
| 590 |
_aALEPH _b10 _c20130110 _lUCH01 _h1411 |
||
| 590 |
_aBATCH-UPD _b10 _c20130109 _lUCH01 _h2344 |
||
| 590 |
_aBATCH-UPD _b10 _c20130110 _lUCH01 _h0500 |
||
| 590 |
_aBATCH-UPD _b10 _c20130409 _lUCH01 _h1914 |
||
| 590 |
_aBATCH-UPD _b10 _c20130410 _lUCH01 _h0137 |
||
| 590 |
_aBATCH-UPD _b10 _c20130914 _lUCH01 _h0519 |
||
| 590 |
_aCONVERSION _b10 _c20130109 _lUCH01 _h1339 |
||
| 650 | 1 | 4 |
_aBacterias fitopatógenas. _99326 |
| 650 | 1 | 4 |
_aMaíz _xEnfermedades por bacterias. _970940 |
| 901 | _aBK | ||
| 942 | _cFOLL | ||
| 949 |
_bBC _cTES _d-35680 _eTS1 _i81949 _si |
||
| 949 |
_bBC _cTES _d-35682 _eTS2 _fc.2 _i81949 _si |
||
| 949 |
_bBC _cTES _d-35685 _eTS2 _fc.3 _i81949 _si |
||
| 999 |
_c71422 _d71422 |
||